As 15 Maiores Contratações do Futebol Brasileiro - Statistics

Estatísticas Gerais
  • Esse quiz foi jogado 510 vezes
    54 desde o último reset
  • A pontuação média é 10 de 15
Estatísticas das Respostas
Ano Custo (R$) Clubes Resposta % Correto
2026 260M West Ham - Flamengo Lucas Paquetá
96%
2026 186,9M Zenit - Flamengo Gerson
88%
2023 92M Olympique de Marseille - Flamengo Gerson
88%
2025 154,6M Barcelona - Palmeiras Vitor Roque
86%
2019 89,4M Cruzeiro - Flamengo De Arrascaeta
82%
2025 143M Atlético de Madrid - Flamengo Samuel Lino
80%
2025 142,7M Nottingham Forest - Botafogo Danilo
78%
2024 115M Atlético Mineiro - Palmeiras Paulinho
78%
2020 88,2M Fiorentina - Flamengo Pedro
78%
2024 137,4M Atlanta United - Botafogo Thiago Almada
76%
2024 106,6M Real Betis -Botafogo Luiz Henrique
69%
2025 95M Benfica - Botafogo Arthur Cabral
47%
2024 110,6M Southampton - Flamengo Carlos Alcaraz
39%
2025 89,5M Nottingham Forest - Palmeiras Ramón Sosa
24%
2025 97M New York City - Botafogo Santi Rodríguez
18%
Nenhum quiz correspondente encontrado
Distribuição das Pontuações
Porcentagem de Pessoas com Cada Pontuação
Percentil de Números Respondidos
Sua Pontuação Histórica
Você não jogou esse quiz desde o último reset